Countries of Africa By last three Letters - Statistics

General Stats
  • This quiz has been taken 26 times
  • The average score is 49 of 54
Answer Stats
Country % Correct
Algeria
100%
Chad
100%
Liberia
100%
Madagascar
100%
Mauritania
100%
Nigeria
100%
Rwanda
100%
South Africa
100%
Tanzania
100%
Uganda
100%
Botswana
93%
Burundi
93%
Cameroon
93%
Comoros
93%
Djibouti
93%
D. R. Congo
93%
Egypt
93%
Equatorial Guinea
93%
Eswatini
93%
Gambia
93%
Ghana
93%
Guinea
93%
Kenya
93%
Namibia
93%
Rep. of the Congo
93%
Somalia
93%
Zambia
93%
Angola
87%
Benin
87%
Burkina Faso
87%
Central African Republic
87%
Eritrea
87%
Ethiopia
87%
Gabon
87%
Ivory Coast
87%
Libya
87%
Mali
87%
Mauritius
87%
Morocco
87%
Mozambique
87%
Niger
87%
Senegal
87%
Seychelles
87%
Sierra Leone
87%
South Sudan
87%
Sudan
87%
Togo
87%
Zimbabwe
87%
Cape Verde
80%
Guinea-Bissau
80%
Lesotho
80%
Malawi
80%
Sao Tome and Principe
80%
Tunisia
80%
No matching quizzes found
Score Distribution
Percent of People with Each Score
Percentile by Number Answered
Your Score History
You have not taken this quiz